NTC's American English learner's dictionary : (Record no. 14595)

MARC details
000 -LEADER
fixed length control field 02013cam a22003255a 4500
001 - CONTROL NUMBER
control field 710741
003 - CONTROL NUMBER IDENTIFIER
control field EG-ScBUE
005 - DATE AND TIME OF LATEST TRANSACTION
control field 20220512103957.0
008 - FIXED-LENGTH DATA ELEMENTS--GENERAL INFORMATION
fixed length control field 971001t1998 ilub f d 000 0 eng d
020 ## - INTERNATIONAL STANDARD BOOK NUMBER
International Standard Book Number 9780844258607
020 ## - INTERNATIONAL STANDARD BOOK NUMBER
International Standard Book Number 0844258601
040 ## - CATALOGING SOURCE
Original cataloging agency EG-ScBUE
Language of cataloging eng
Description conventions rda
Transcribing agency EG-ScBUE
Modifying agency EG-ScBUE
082 04 - DEWEY DECIMAL CLASSIFICATION NUMBER
Classification number 423
Item number NTC
Edition number 22
245 00 - TITLE STATEMENT
Title NTC's American English learner's dictionary :
Remainder of title the essential vocabulary of American language and culture /
Statement of responsibility, etc Editor-in-chief Richard A. Spears
246 30 - VARYING FORM OF TITLE
Title proper/short title American English learner's dictionary
264 #1 - PUBLICATION, DISTRIBUTION, ETC. (IMPRINT)
Place of publication, distribution, etc Illinois :
Name of publisher, distributor, etc NTC Publishing Group,
Date of publication, distribution, etc [1998]
264 #4 - PUBLICATION, DISTRIBUTION, ETC. (IMPRINT)
Date of publication, distribution, etc c1998
300 ## - PHYSICAL DESCRIPTION
Extent xiii, 1090 pages :
Other physical details maps ;
Dimensions 26 cm
336 ## - CONTENT TYPE
Source rdacontent
Content type term text
Content type code txt
337 ## - MEDIA TYPE
Source rdamedia
Media type term unmediated
Media type code n
338 ## - CARRIER TYPE
Source rdacarrier
Carrier type term volume
Carrier type code nc
520 ## - SUMMARY, ETC.
Summary, etc "This up-to-date reference for American English is an indispensable learning tool that will build and strengthen the developing vocabularies - and vocabulary-building skills - of learners at all levels. It is presented in a clear, uncomplicated format with a minimum of codes, abbreviations, and special symbols. Using this dictionary will improve your speaking, writing, and understanding of English: at least two example sentences are given with each definition, so you can see words used properly and effectively in real-life situations; to ensure comprehension, virtually every word used in the definitions is defined within the dictionary; common American idioms are defined and given sample sentences, so you will learn these important English expressions; the Idioms and Phrases Index makes these expressions easy to find in the body of the dictionary."--Jacket.
650 #7 - SUBJECT ADDED ENTRY--TOPICAL TERM
Topical term or geographic name as entry element English language
Geographic subdivision United States
Form subdivision Dictionaries.
Source of heading or term BUEsh
9 (RLIN) 17022
651 #7 - SUBJECT ADDED ENTRY--GEOGRAPHIC NAME
Source of heading or term BUEsh
653 ## - INDEX TERM--UNCONTROLLED
Resource For college Humanities: English
Arrived date list July2019
655 ## - INDEX TERM--GENRE/FORM
Form subdivision Reading book
9 (RLIN) 34232
700 1# - ADDED ENTRY--PERSONAL NAME
Personal name Spears, Richard A.
Relator term editor.
9 (RLIN) 17023
856 42 - ELECTRONIC LOCATION AND ACCESS
Materials specified Publisher description
Uniform Resource Identifier <a href="http://www.loc.gov/catdir/description/mh024/97042248.html">http://www.loc.gov/catdir/description/mh024/97042248.html</a>
942 ## - ADDED ENTRY ELEMENTS (KOHA)
Source of classification or shelving scheme Dewey Decimal Classification
Koha item type Reference (NB)
Holdings
Withdrawn status Lost status Source of classification or shelving scheme Damaged status Not for loan Collection code Home library Current library Shelving location Date acquired Source of acquisition Cost, normal purchase price Total Checkouts Full call number Barcode Date last seen Price effective from Koha item type
    Dewey Decimal Classification     Alahram Central Library Central Library Ground Floor 03/08/2010   116.70   423 NTC 000021615 15/07/2025 03/08/2010 Reference (NB)